Central Library OPAC University of Rajshahi

Making work pay in Bangladesh : (Record no. 58635)

MARC details
000 -LEADER
fixed length control field 01210nam a2200349 a 4500
001 - CONTROL NUMBER
control field 58635
003 - CONTROL NUMBER IDENTIFIER
rucl marc code BD-RjUL
005 - DATE AND TIME OF LATEST TRANSACTION
control field 20211209080637.0
008 - FIXED-LENGTH DATA ELEMENTS--GENERAL INFORMATION
fixed length control field 161219s2008 dcua b 001 0 eng
020 ## - INTERNATIONAL STANDARD BOOK NUMBER
International Standard Book Number 9780821375327
International Standard Book Number 0821375326
International Standard Book Number 9780821375334 (electronic)
International Standard Book Number 0821375334 (electronic)
035 ## - SYSTEM CONTROL NUMBER
System control number (BD-RjUL)58759
040 ## - CATALOGING SOURCE
Original cataloging agency DLC
Transcribing agency DLC
Modifying agency BD-RjUL
Language of cataloging eng
041 ## - LANGUAGE CODE
Language code of text/sound track or separate title eng
082 00 - DEWEY DECIMAL CLASSIFICATION NUMBER
Classification number 331.1095492
Edition number 23
Author mark and year PAM 2008
100 1# - MAIN ENTRY--PERSONAL NAME
Personal name Paci, Pierella,
Dates associated with a name 1957-
9 (RLIN) 174249
245 10 - TITLE STATEMENT
Title Making work pay in Bangladesh :
Remainder of title employment, growth, and poverty reduction /
Statement of responsibility, etc. Pierella Paci, Marcin Sasin.
260 ## - PUBLICATION, DISTRIBUTION, ETC. (IMPRINT)
Place of publication, distribution, etc. Washington, DC :
Name of publisher, distributor, etc. World Bank,
Date of publication, distribution, etc. c2008.
300 ## - PHYSICAL DESCRIPTION
Pagination xi, 72 p. :
Illustrations ill. ;
Size 23 cm.
490 1# - SERIES STATEMENT
Series statement Directions in development. Poverty
504 ## - BIBLIOGRAPHY, ETC. NOTE
Bibliography, etc Includes bibliographical references (p. 67-68) and index.
650 #0 - SUBJECT ADDED ENTRY--TOPICAL TERM
Topical term or geographic name as entry element Labor market
Geographic subdivision Bangladesh.
9 (RLIN) 173735
Topical term or geographic name as entry element Wages
Geographic subdivision Bangladesh.
9 (RLIN) 174250
Topical term or geographic name as entry element Poverty
Geographic subdivision Bangladesh.
9 (RLIN) 174251
Topical term or geographic name as entry element Labor productivity
Geographic subdivision Bangladesh.
9 (RLIN) 174252
700 1# - ADDED ENTRY--PERSONAL NAME
Personal name Sasin, Marcin J.
Fuller form of name (Marcin Jan)
830 ## - SERIES ADDED ENTRY--UNIFORM TITLE
Uniform title Directions in development. Poverty
942 ## - ADDED ENTRY ELEMENTS (KOHA)
Source of classification or shelving scheme Dewey Decimal Classification
Koha item type Books
Holdings
Lost status Source of classification or shelving scheme Damaged status Not for loan Collection code Permanent Location Current Location Shelving location Date acquired Source of acquisition Cost, normal purchase price Total Checkouts Full call number Date last seen Copy number Koha item type
  Dewey Decimal Classification   Not For Loan Non-fiction Central Library, University of Rajshahi Central Library, University of Rajshahi Reading Room 14/05/2009 dhaka, paragon Enterprice ltd. 250.00   331.1095492 PAM 2008 19/12/2016 C-1 Books